Sleep Token - Take me back to Eden (All lyrics) - Statistics

General Stats
  • This quiz has been taken 147 times
    144 since last reset
  • The average score is 285 of 408
Answer Stats
Lyrics % Correct
I
98%
in
92%
to
92%
me
91%
back
89%
Take
89%
take
89%
the
89%
a
88%
Eden
88%
you
88%
You
88%
no
86%
No
86%
dream
83%
And
82%
and
82%
go
82%
of
80%
like
78%
My,
78%
my,
78%
my
78%
See
78%
see
78%
I'm
77%
fire
75%
through
75%
We
75%
we
75%
your
75%
eyes
74%
not
74%
not?
74%
one
74%
told
74%
pyre
72%
those
72%
where
72%
will
72%
Will
72%
bite
71%
gods
71%
grow
71%
Grow
71%
path
71%
tired
71%
you're
71%
funeral
69%
insect,
69%
know
69%
now
69%
now,
69%
past
69%
reason
69%
teeth,
69%
teeth
69%
these
69%
up
69%
winged
69%
But
68%
but
68%
Come
68%
drifting
68%
far
68%
hell
68%
it
68%
It
68%
spaces
68%
travel
68%
wires
68%
Bleed
66%
dive
66%
have
66%
waking
66%
beyond
65%
desire
65%
phosphorescence
65%
sharpest
65%
waters
65%
what
65%
wake
63%
don't
62%
Just
62%
just
62%
oceans
62%
Perfect
62%
crystal
60%
for
60%
love,
60%
love
60%
Reset
60%
when
60%
When
60%
blood
58%
breath
58%
spit
58%
violence
58%
from
57%
got
57%
pathway
57%
yeah,
57%
both
55%
cold
55%
fog
55%
freezer,
55%
higher
55%
lines
55%
meat
55%
patient
55%
Room
55%
along
54%
answer
54%
become
54%
cuts
54%
days
54%
feels
54%
If
54%
mainframe
54%
messed
54%
need
54%
people
54%
phones
54%
show,
54%
still
54%
two
54%
weightlessness
54%
dangle
52%
its
52%
pay
52%
piece
52%
roses,
52%
stub
52%
trust
52%
amount
51%
anger
51%
calls,
51%
down
51%
goes
51%
I'll
51%
since
51%
Well,
51%
White
51%
does
49%
fake
49%
guess
49%
Missed
49%
recedes
49%
rise
49%
Until
49%
went
49%
about
48%
black
48%
brain
48%
flesh
48%
idea
48%
lose
48%
make-up
48%
matter
48%
porcelain
48%
Sink
48%
talk,
48%
we've
48%
Before
46%
choking
46%
doves,
46%
Godmother,
46%
keep
46%
That
46%
around
45%
choose
45%
what's
45%
bring
43%
pound
43%
stained,
43%
travelled
43%
glory
42%
fury
38%
innocence
38%
Mirror
38%
was
38%
were
38%
accident
35%
self-sought
34%
made
31%
branches
28%
flood
28%
tangled
28%
No matching quizzes found
Score Distribution
Percent of People with Each Score
Percentile by Number Answered
Your Score History
You have not taken this quiz since the last reset